cavetown songs - Statistics

General Stats
  • This quiz has been taken 289 times
    247 since last reset
  • The average score is 13 of 50
Answer Stats
Album Name Song % Correct
Lemon Boy Lemon Boy
91%
Boys Will Be Bugs
65%
Animal Kingdom Juliet
64%
Home
58%
Sleepyhead Sweet Tooth
55%
Singles This Is Home
51%
Green
49%
Dear
41%
Fool
37%
888
36%
Pigeon
35%
Talk To Me
33%
Another One Of Those Days
31%
It's U
29%
Empty Bed
28%
Sharpener
27%
Banana Bread
26%
Guilty
26%
Hug All Ur Friends
26%
Poison
26%
Big Bowl In The Sky
25%
Man's Best Friend Idea Of Her
25%
Dear. Just Add Water
24%
I Miss My Mum
23%
Paul
23%
Telescope
23%
Advice
22%
Pyjama Pants
22%
10 Feet Tall
21%
I'll Make Cereal
19%
Trying
19%
Fall In Love With A Girl
18%
Feb 14
18%
Snail
18%
For You
17%
Taking Care Of Things
17%
Things That Make It Warm
14%
Self Control
13%
Ur Gonna Wish U Believed Me
11%
Wishing Well
11%
I Want To Meet Ur Dog
9%
Let Me Feel Low
7%
y13
7%
Lemon Boy (Acapella)
6%
squares
6%
hh (Mario Golf)
1%
Lullaby (SIMI)
1%
Noise In My Head (Spookyghostboy)
0%
Somebody's Baby (Sidney Gish)
0%
Waves (chloe moriondo, Shortly)
0%
No matching quizzes found
Score Distribution
Percent of People with Each Score
Percentile by Number Answered
Your Score History
You have not taken this quiz since the last reset